[Event "XLIV Memoriał Szachowy Ludwika Zamenhofa 2025, Grupa A"]
[Site "Białystok, Poland"]
[Date "2025.12.28"]
[Round "4.10"]
[White "Wojdak, Jan"]
[Black "Krawczyk, Flawian"]
[Result "1/2-1/2"]
[TimeControl "90'+30\""]
[WhiteElo "2214"]
[BlackElo "2292"]

1. e4 {[%clk 01:28:59]} {[%emt 00:02:01]} c6 {[%clk 01:30:22]} {[%emt
00:00:38]} 2. Nf3 {[%clk 01:29:23]} {[%emt 00:00:06]} d5 {[%clk 01:30:22]}
{[%emt 00:00:30]} 3. Nc3 {[%clk 01:29:45]} {[%emt 00:00:08]} g6 {[%clk
01:27:03]} {[%emt 00:03:49]} 4. d4 {[%clk 01:25:44]} {[%emt 00:04:31]} Bg7
{[%clk 01:27:27]} {[%emt 00:00:06]} 5. h3 {[%clk 01:24:10]} {[%emt 00:02:04]}
dxe4 {[%clk 01:27:29]} {[%emt 00:00:28]} 6. Nxe4 {[%clk 01:24:33]} {[%emt
00:00:06]} Nf6 {[%clk 01:27:58]} {[%emt 00:00:02]} 7. Nxf6+ {[%clk 01:24:25]}
{[%emt 00:00:37]} exf6 {[%clk 01:28:23]} {[%emt 00:00:05]} 8. Bc4 {[%clk
01:19:41]} {[%emt 00:05:15]} O-O {[%clk 01:28:39]} {[%emt 00:00:14]} 9. O-O
{[%clk 01:20:07]} {[%emt 00:00:03]} a5 {[%clk 01:29:08]} {[%emt 00:00:02]} 10.
a4 {[%clk 01:19:28]} {[%emt 00:01:08]} Na6 {[%clk 01:29:09]} {[%emt 00:00:29]}
11. Bf4 {[%clk 01:03:44]} {[%emt 00:16:14]} Nc7 {[%clk 01:29:05]} {[%emt
00:00:34]} 12. Qd2 {[%clk 01:03:37]} {[%emt 00:00:37]} Nd5 {[%clk 01:26:03]}
{[%emt 00:03:32]} 13. Bh2 {[%clk 01:01:54]} {[%emt 00:02:13]} Be6 {[%clk
01:26:17]} {[%emt 00:00:16]} 1/2-1/2

[Event "XLIV Memoriał Szachowy Ludwika Zamenhofa 2025, Grupa A"]
[Site "Białystok, Poland"]
[Date "2025.12.28"]
[Round "4.11"]
[White "Cukrowski, Filip"]
[Black "Korszanski, Stanislaw"]
[Result "1-0"]
[TimeControl "90'+30\""]
[WhiteElo "2417"]
[BlackElo "2187"]

1. d4 {[%clk 01:17:07]} {[%emt 00:13:52]} e6 {[%clk 01:30:55]} {[%emt
00:00:04]} 2. c4 {[%clk 01:17:32]} {[%emt 00:00:06]} b6 {[%clk 01:31:18]}
{[%emt 00:00:07]} 3. a3 {[%clk 01:17:56]} {[%emt 00:00:06]} Bb7 {[%clk
01:31:37]} {[%emt 00:00:11]} 4. Nc3 {[%clk 01:18:20]} {[%emt 00:00:06]} Nf6
{[%clk 01:32:03]} {[%emt 00:00:04]} 5. d5 {[%clk 01:18:42]} {[%emt 00:00:08]}
Bd6 {[%clk 01:32:25]} {[%emt 00:00:08]} 6. Nf3 {[%clk 01:19:06]} {[%emt
00:00:06]} O-O {[%clk 01:31:54]} {[%emt 00:01:01]} 7. g3 {[%clk 01:19:24]}
{[%emt 00:00:13]} c6 {[%clk 01:32:18]} {[%emt 00:00:05]} 8. Bg2 {[%clk
01:19:23]} {[%emt 00:00:31]} cxd5 {[%clk 01:32:38]} {[%emt 00:00:10]} 9. cxd5
{[%clk 01:19:47]} {[%emt 00:00:06]} Nxd5 {[%clk 01:32:54]} {[%emt 00:00:14]} 10.
Nxd5 {[%clk 01:20:11]} {[%emt 00:00:06]} exd5 {[%clk 01:33:21]} {[%emt
00:00:03]} 11. O-O {[%clk 01:20:13]} {[%emt 00:00:28]} Na6 {[%clk 01:31:02]}
{[%emt 00:02:50]} 12. Nh4 {[%clk 01:08:57]} {[%emt 00:11:45]} Nc7 {[%clk
01:22:50]} {[%emt 00:08:42]} 13. Nf5 {[%clk 01:00:45]} {[%emt 00:08:42]} Be5
{[%clk 01:20:22]} {[%emt 00:02:58]} 14. Ne3 {[%clk 00:42:16]} {[%emt 00:18:59]}
Re8 {[%clk 01:10:13]} {[%emt 00:10:40]} 15. Ra2 {[%clk 00:39:13]} {[%emt
00:03:33]} Rc8 {[%clk 01:03:54]} {[%emt 00:06:50]} 16. b4 {[%clk 00:27:54]}
{[%emt 00:11:49]} Nb5 {[%clk 00:59:12]} {[%emt 00:05:11]} 17. Qd3 {[%clk
00:26:22]} {[%emt 00:02:03]} Nc3 {[%clk 00:54:10]} {[%emt 00:05:33]} 18. Rc2
{[%clk 00:26:27]} {[%emt 00:00:25]} Ne4 {[%clk 00:46:23]} {[%emt 00:08:17]} 19.
Rxc8 {[%clk 00:25:07]} {[%emt 00:01:50]} Qxc8 {[%clk 00:46:21]} {[%emt
00:00:32]} 20. Nxd5 {[%clk 00:19:20]} {[%emt 00:06:17]} Nf6 {[%clk 00:43:05]}
{[%emt 00:03:45]} 21. Be3 {[%clk 00:16:07]} {[%emt 00:03:43]} Qa8 {[%clk
00:29:33]} {[%emt 00:14:03]} 22. Rd1 {[%clk 00:14:42]} {[%emt 00:01:55]} Rd8
{[%clk 00:21:50]} {[%emt 00:08:12]} 23. Bg5 {[%clk 00:12:37]} {[%emt 00:02:35]}
Bxd5 {[%clk 00:18:01]} {[%emt 00:04:21]} 24. Bxd5 {[%clk 00:12:56]} {[%emt
00:00:10]} Qb8 {[%clk 00:17:06]} {[%emt 00:01:25]} 25. f4 {[%clk 00:12:02]}
{[%emt 00:01:24]} Bd6 {[%clk 00:17:23]} {[%emt 00:00:13]} 26. Bxf6 {[%clk
00:12:01]} {[%emt 00:00:31]} gxf6 {[%clk 00:17:47]} {[%emt 00:00:06]} 27. Qf5
{[%clk 00:11:53]} {[%emt 00:00:39]} Kg7 {[%clk 00:16:22]} {[%emt 00:01:55]} 28.
Be4 {[%clk 00:11:17]} {[%emt 00:01:05]} Rg8 {[%clk 00:14:29]} {[%emt 00:02:23]}
29. Qxh7+ {[%clk 00:08:49]} {[%emt 00:02:57]} Kf8 {[%clk 00:14:50]} {[%emt
00:00:09]} 30. Bd5 {[%clk 00:08:51]} {[%emt 00:00:28]} Qe8 {[%clk 00:15:10]}
{[%emt 00:00:10]} 31. Qxf7+ {[%clk 00:08:49]} {[%emt 00:00:31]} Qxf7 {[%clk
00:15:36]} {[%emt 00:00:05]} 32. Bxf7 {[%clk 00:09:16]} {[%emt 00:00:03]} Kxf7
{[%clk 00:16:01]} {[%emt 00:00:05]} 33. Rxd6 {[%clk 00:09:41]} {[%emt
00:00:04]} Ke7 {[%clk 00:16:27]} {[%emt 00:00:03]} 34. Rd3 {[%clk 00:09:59]}
{[%emt 00:00:12]} Rc8 {[%clk 00:16:53]} {[%emt 00:00:05]} 35. Kg2 {[%clk
00:10:15]} {[%emt 00:00:13]} Rc2 {[%clk 00:16:59]} {[%emt 00:00:23]} 36. Kf3
{[%clk 00:10:37]} {[%emt 00:00:09]} Ke6 {[%clk 00:17:22]} {[%emt 00:00:06]} 37.
g4 {[%clk 00:10:49]} {[%emt 00:00:19]} d5 {[%clk 00:17:49]} {[%emt 00:00:03]}
38. h4 {[%clk 00:10:06]} {[%emt 00:01:13]} Rc1 {[%clk 00:18:12]} {[%emt
00:00:07]} 39. h5 {[%clk 00:09:16]} {[%emt 00:01:20]} Rf1+ {[%clk 00:18:36]}
{[%emt 00:00:06]} 40. Kg3 {[%clk 00:09:10]} {[%emt 00:00:36]} Rg1+ {[%clk
00:19:00]} {[%emt 00:00:06]} 41. Kh4 {[%clk 00:07:00]} {[%emt 00:02:40]} f5
{[%clk 00:19:21]} {[%emt 00:00:09]} 42. gxf5+ {[%clk 00:04:21]} {[%emt
00:03:09]} Kxf5 {[%clk 00:19:46]} {[%emt 00:00:05]} 43. h6 {[%clk 00:04:28]}
{[%emt 00:00:24]} 1-0

[Event "XLIV Memoriał Szachowy Ludwika Zamenhofa 2025, Grupa A"]
[Site "Białystok, Poland"]
[Date "2025.12.28"]
[Round "4.13"]
[White "Obolonin, Filipp"]
[Black "Rekuc, Patryk"]
[Result "0-1"]
[TimeControl "90'+30\""]
[WhiteElo "2103"]
[BlackElo "2288"]

1. Nf3 {[%clk 01:30:58]} {[%emt 00:00:01]} c5 {[%clk 01:30:42]} {[%emt
00:00:18]} 2. e4 {[%clk 01:30:57]} {[%emt 00:00:32]} d6 {[%clk 01:31:06]}
{[%emt 00:00:06]} 3. d4 {[%clk 01:31:13]} {[%emt 00:00:13]} cxd4 {[%clk
01:31:30]} {[%emt 00:00:06]} 4. Nxd4 {[%clk 01:31:38]} {[%emt 00:00:05]} Nf6
{[%clk 01:31:55]} {[%emt 00:00:05]} 5. Bd3 {[%clk 01:30:52]} {[%emt 00:01:16]}
Nc6 {[%clk 01:30:26]} {[%emt 00:01:59]} 6. c3 {[%clk 01:30:59]} {[%emt
00:00:24]} e5 {[%clk 01:29:33]} {[%emt 00:01:22]} 7. Nb3 {[%clk 01:25:05]}
{[%emt 00:06:24]} Be7 {[%clk 01:24:49]} {[%emt 00:05:14]} 8. O-O {[%clk
01:25:28]} {[%emt 00:00:06]} Be6 {[%clk 01:25:01]} {[%emt 00:00:18]} 9. Qe2
{[%clk 01:25:50]} {[%emt 00:00:07]} Rc8 {[%clk 01:24:07]} {[%emt 00:01:25]} 10.
Rd1 {[%clk 01:26:11]} {[%emt 00:00:09]} O-O {[%clk 01:23:02]} {[%emt 00:01:35]}
11. Bg5 {[%clk 01:25:47]} {[%emt 00:00:54]} h6 {[%clk 01:22:36]} {[%emt
00:00:56]} 12. Bxf6 {[%clk 01:25:38]} {[%emt 00:00:39]} Bxf6 {[%clk 01:23:00]}
{[%emt 00:00:06]} 13. Na3 {[%clk 01:26:01]} {[%emt 00:00:07]} Qc7 {[%clk
00:54:14]} {[%emt 00:29:16]} 14. Nb5 {[%clk 01:23:16]} {[%emt 00:03:15]} Qb8
{[%clk 00:53:41]} {[%emt 00:01:03]} 15. Na3 {[%clk 01:23:38]} {[%emt 00:00:08]}
Rcd8 {[%clk 00:45:16]} {[%emt 00:08:56]} 16. Bc4 {[%clk 01:23:50]} {[%emt
00:00:17]} Bc8 {[%clk 00:45:29]} {[%emt 00:00:16]} 17. Nc2 {[%clk 01:23:29]}
{[%emt 00:00:52]} Bg5 {[%clk 00:43:41]} {[%emt 00:02:18]} 18. Ne3 {[%clk
01:23:44]} {[%emt 00:00:14]} Bxe3 {[%clk 00:43:26]} {[%emt 00:00:46]} 19. Qxe3
{[%clk 01:24:01]} {[%emt 00:00:14]} b5 {[%clk 00:43:46]} {[%emt 00:00:10]} 20.
Bd5 {[%clk 01:23:53]} {[%emt 00:00:38]} Ne7 {[%clk 00:43:55]} {[%emt 00:00:21]}
21. c4 {[%clk 01:22:37]} {[%emt 00:01:46]} bxc4 {[%clk 00:39:51]} {[%emt
00:04:34]} 22. Bxc4 {[%clk 01:23:00]} {[%emt 00:00:07]} Bb7 {[%clk 00:40:16]}
{[%emt 00:00:05]} 23. Rd2 {[%clk 01:22:16]} {[%emt 00:01:14]} Kh8 {[%clk
00:35:29]} {[%emt 00:05:17]} 24. Na5 {[%clk 01:17:53]} {[%emt 00:04:54]} Ba8
{[%clk 00:35:34]} {[%emt 00:00:25]} 25. a3 {[%clk 01:18:06]} {[%emt 00:00:17]}
f5 {[%clk 00:33:56]} {[%emt 00:02:08]} 26. Bd5 {[%clk 01:16:29]} {[%emt
00:02:06]} fxe4 {[%clk 00:31:00]} {[%emt 00:03:27]} 27. Bxe4 {[%clk 01:16:15]}
{[%emt 00:00:45]} d5 {[%clk 00:25:58]} {[%emt 00:05:31]} 28. Bd3 {[%clk
01:13:20]} {[%emt 00:03:25]} e4 {[%clk 00:23:04]} {[%emt 00:03:24]} 29. Qc5
{[%clk 01:12:56]} {[%emt 00:00:53]} Nf5 {[%clk 00:13:14]} {[%emt 00:10:21]} 30.
Bb5 {[%clk 01:11:12]} {[%emt 00:02:14]} Qf4 {[%clk 00:09:28]} {[%emt 00:04:15]}
31. Rad1 {[%clk 01:04:34]} {[%emt 00:07:08]} Rc8 {[%clk 00:08:06]} {[%emt
00:01:53]} 32. Qxa7 {[%clk 01:03:19]} {[%emt 00:01:46]} Qg5 {[%clk 00:08:17]}
{[%emt 00:00:18]} 33. g3 {[%clk 00:53:35]} {[%emt 00:10:13]} d4 {[%clk
00:08:09]} {[%emt 00:00:39]} 34. Ba6 {[%clk 00:47:50]} {[%emt 00:06:15]} Rb8
{[%clk 00:08:23]} {[%emt 00:00:15]} 35. Qc5 {[%clk 00:40:18]} {[%emt 00:08:03]}
e3 {[%clk 00:07:52]} {[%emt 00:01:01]} 36. Rc2 {[%clk 00:38:45]} {[%emt
00:02:03]} Qg4 {[%clk 00:08:01]} {[%emt 00:00:21]} 37. Be2 {[%clk 00:38:13]}
{[%emt 00:01:02]} exf2+ {[%clk 00:08:25]} {[%emt 00:00:06]} 38. Kxf2 {[%clk
00:38:06]} {[%emt 00:00:36]} Ne3+ {[%clk 00:08:35]} {[%emt 00:00:20]} 39. Ke1
{[%clk 00:38:27]} {[%emt 00:00:10]} Rf1+ {[%clk 00:08:22]} {[%emt 00:00:43]}
0-1

[Event "XLIV Memoriał Szachowy Ludwika Zamenhofa 2025, Grupa A"]
[Site "Białystok, Poland"]
[Date "2025.12.28"]
[Round "4.14"]
[White "Borowik, Wojciech"]
[Black "Buklaho, Ignacy"]
[Result "1-0"]
[TimeControl "90'+30\""]
[WhiteElo "2204"]
[BlackElo "2049"]

1. d4 {[%clk 01:28:36]} {[%emt 00:02:15]} d5 {[%clk 01:30:55]} {[%emt
00:00:13]} 2. c4 {[%clk 01:28:45]} {[%emt 00:00:15]} c6 {[%clk 01:31:22]}
{[%emt 00:00:10]} 3. Nf3 {[%clk 01:29:03]} {[%emt 00:00:12]} Nf6 {[%clk
01:31:47]} {[%emt 00:00:05]} 4. e3 {[%clk 01:29:06]} {[%emt 00:00:26]} Bg4
{[%clk 01:32:12]} {[%emt 00:00:05]} 5. h3 {[%clk 01:26:21]} {[%emt 00:03:15]}
Bxf3 {[%clk 01:32:34]} {[%emt 00:00:08]} 6. Qxf3 {[%clk 01:26:06]} {[%emt
00:00:45]} e6 {[%clk 01:33:00]} {[%emt 00:00:06]} 7. Nc3 {[%clk 01:25:15]}
{[%emt 00:01:20]} Bb4 {[%clk 01:33:01]} {[%emt 00:00:27]} 8. Bd3 {[%clk
01:20:03]} {[%emt 00:05:43]} O-O {[%clk 01:33:19]} {[%emt 00:00:12]} 9. O-O
{[%clk 01:19:38]} {[%emt 00:00:55]} Nbd7 {[%clk 01:33:46]} {[%emt 00:00:04]} 10.
cxd5 {[%clk 01:07:41]} {[%emt 00:12:26]} exd5 {[%clk 01:34:06]} {[%emt
00:00:10]} 11. a3 {[%clk 01:07:42]} {[%emt 00:00:30]} Bxc3 {[%clk 01:28:11]}
{[%emt 00:06:25]} 12. bxc3 {[%clk 01:08:09]} {[%emt 00:00:03]} b5 {[%clk
01:28:06]} {[%emt 00:00:34]} 13. a4 {[%clk 00:55:37]} {[%emt 00:13:03]} a6
{[%clk 01:27:56]} {[%emt 00:00:40]} 14. e4 {[%clk 00:51:03]} {[%emt 00:05:04]}
dxe4 {[%clk 01:26:03]} {[%emt 00:02:23]} 15. Bxe4 {[%clk 00:51:26]} {[%emt
00:00:06]} Nxe4 {[%clk 01:26:28]} {[%emt 00:00:06]} 16. Qxe4 {[%clk 00:51:37]}
{[%emt 00:00:19]} Nb6 {[%clk 01:24:43]} {[%emt 00:02:14]} 17. axb5 {[%clk
00:39:59]} {[%emt 00:12:08]} cxb5 {[%clk 01:24:57]} {[%emt 00:00:17]} 18. Re1
{[%clk 00:39:38]} {[%emt 00:00:50]} Nd5 {[%clk 01:23:22]} {[%emt 00:02:03]} 19.
Ba3 {[%clk 00:33:44]} {[%emt 00:06:26]} Re8 {[%clk 01:22:15]} {[%emt 00:01:36]}
20. Qf3 {[%clk 00:33:51]} {[%emt 00:00:23]} Rxe1+ {[%clk 01:20:25]} {[%emt
00:02:21]} 21. Rxe1 {[%clk 00:33:26]} {[%emt 00:00:55]} Rc8 {[%clk 01:18:26]}
{[%emt 00:02:31]} 22. Re5 {[%clk 00:28:42]} {[%emt 00:05:14]} Nb6 {[%clk
01:11:38]} {[%emt 00:07:18]} 23. Be7 {[%clk 00:19:24]} {[%emt 00:09:48]} Qc7
{[%clk 00:33:33]} {[%emt 00:38:35]} 24. Bc5 {[%clk 00:18:17]} {[%emt 00:01:37]}
Qxe5 {[%clk 00:33:53]} {[%emt 00:00:11]} 25. dxe5 {[%clk 00:18:21]} {[%emt
00:00:26]} Rxc5 {[%clk 00:34:20]} {[%emt 00:00:02]} 26. Qb7 {[%clk 00:16:04]}
{[%emt 00:02:46]} Nc8 {[%clk 00:34:21]} {[%emt 00:00:30]} 27. Qxa6 {[%clk
00:12:55]} {[%emt 00:03:39]} h6 {[%clk 00:33:35]} {[%emt 00:01:16]} 28. Kh2
{[%clk 00:10:02]} {[%emt 00:03:23]} Rxc3 {[%clk 00:24:23]} {[%emt 00:09:42]} 29.
Qxb5 {[%clk 00:10:15]} {[%emt 00:00:17]} Rc7 {[%clk 00:20:50]} {[%emt
00:04:03]} 30. Qe8+ {[%clk 00:07:13]} {[%emt 00:03:33]} Kh7 {[%clk 00:21:18]}
{[%emt 00:00:01]} 31. Qd8 {[%clk 00:06:51]} {[%emt 00:00:52]} Rc3 {[%clk
00:21:04]} {[%emt 00:00:44]} 32. f4 {[%clk 00:07:08]} {[%emt 00:00:13]} Kg6
{[%clk 00:19:39]} {[%emt 00:01:55]} 33. Qd4 {[%clk 00:06:21]} {[%emt 00:01:17]}
Rc7 {[%clk 00:19:20]} {[%emt 00:00:49]} 34. Qd3+ {[%clk 00:06:20]} {[%emt
00:00:31]} f5 {[%clk 00:19:17]} {[%emt 00:00:34]} 35. exf6+ {[%clk 00:06:25]}
{[%emt 00:00:25]} Kxf6 {[%clk 00:19:40]} {[%emt 00:00:07]} 36. Qd8+ {[%clk
00:06:47]} {[%emt 00:00:10]} 1-0

[Event "XLIV Memoriał Szachowy Ludwika Zamenhofa 2025, Grupa A"]
[Site "Białystok, Poland"]
[Date "2025.12.28"]
[Round "4.15"]
[White "Rozycki, Bartlomiej"]
[Black "Podgorski, Maciej"]
[Result "1-0"]
[TimeControl "90'+30\""]
[WhiteElo "2197"]
[BlackElo "2030"]

1. e4 {[%clk 01:30:59]} e5 {[%clk 01:30:40]} {[%emt 00:00:19]} 2. Nf3 {[%clk
01:31:27]} {[%emt 00:00:04]} Nc6 {[%clk 01:31:02]} {[%emt 00:00:07]} 3. Bb5
{[%clk 01:31:54]} {[%emt 00:00:04]} a6 {[%clk 01:31:28]} {[%emt 00:00:04]} 4.
Ba4 {[%clk 01:32:21]} {[%emt 00:00:03]} Nf6 {[%clk 01:31:52]} {[%emt 00:00:06]}
5. d3 {[%clk 01:31:58]} {[%emt 00:00:52]} b5 {[%clk 01:30:59]} {[%emt
00:01:23]} 6. Bb3 {[%clk 01:32:24]} {[%emt 00:00:04]} Bc5 {[%clk 01:30:54]}
{[%emt 00:00:35]} 7. c3 {[%clk 01:30:37]} {[%emt 00:02:18]} Ba7 {[%clk
01:23:53]} {[%emt 00:07:29]} 8. O-O {[%clk 01:30:19]} {[%emt 00:00:50]} d6
{[%clk 01:23:22]} {[%emt 00:01:01]} 9. h3 {[%clk 01:28:14]} {[%emt 00:02:35]}
h6 {[%clk 01:21:04]} {[%emt 00:02:47]} 10. a4 {[%clk 01:28:39]} {[%emt
00:00:05]} b4 {[%clk 01:16:02]} {[%emt 00:05:32]} 11. Re1 {[%clk 01:28:36]}
{[%emt 00:00:33]} g5 {[%clk 01:13:41]} {[%emt 00:02:50]} 12. Nh2 {[%clk
01:24:04]} {[%emt 00:05:03]} Rg8 {[%clk 01:07:47]} {[%emt 00:06:24]} 13. Be3
{[%clk 01:22:01]} {[%emt 00:02:34]} h5 {[%clk 00:58:00]} {[%emt 00:10:16]} 14.
Bxa7 {[%clk 01:13:22]} {[%emt 00:09:10]} Rxa7 {[%clk 00:57:12]} {[%emt
00:01:18]} 15. Nd2 {[%clk 01:13:46]} {[%emt 00:00:07]} g4 {[%clk 00:51:54]}
{[%emt 00:05:46]} 16. h4 {[%clk 01:14:00]} {[%emt 00:00:16]} Ne7 {[%clk
00:38:51]} {[%emt 00:13:32]} 17. g3 {[%clk 01:05:55]} {[%emt 00:08:38]} Ng6
{[%clk 00:31:26]} {[%emt 00:07:54]} 18. Qe2 {[%clk 01:06:07]} {[%emt 00:00:18]}
Nh7 {[%clk 00:28:08]} {[%emt 00:03:48]} 19. Qe3 {[%clk 01:06:13]} {[%emt
00:00:25]} Rb7 {[%clk 00:26:11]} {[%emt 00:02:26]} 20. Bc4 {[%clk 01:02:28]}
{[%emt 00:04:15]} a5 {[%clk 00:23:29]} {[%emt 00:03:12]} 21. Bb5+ {[%clk
01:01:08]} {[%emt 00:01:50]} Kf8 {[%clk 00:21:53]} {[%emt 00:02:06]} 22. Nc4
{[%clk 00:59:33]} {[%emt 00:02:06]} c5 {[%clk 00:20:18]} {[%emt 00:02:04]} 23.
Ba6 {[%clk 00:59:36]} {[%emt 00:00:27]} Rc7 {[%clk 00:15:28]} {[%emt 00:05:21]}
24. Bxc8 {[%clk 01:00:00]} {[%emt 00:00:06]} Rxc8 {[%clk 00:15:54]} {[%emt
00:00:03]} 25. Qh6+ {[%clk 01:00:12]} {[%emt 00:00:18]} Rg7 {[%clk 00:15:25]}
{[%emt 00:01:00]} 26. Ne3 {[%clk 01:00:23]} {[%emt 00:00:19]} Ne7 {[%clk
00:14:06]} {[%emt 00:01:48]} 27. Nc4 {[%clk 00:58:37]} {[%emt 00:02:16]} Rc6
{[%clk 00:13:29]} {[%emt 00:01:07]} 28. Qxh5 {[%clk 00:46:19]} {[%emt
00:12:49]} Nf6 {[%clk 00:11:27]} {[%emt 00:02:30]} 29. Qh6 {[%clk 00:46:37]}
{[%emt 00:00:12]} Neg8 {[%clk 00:11:33]} {[%emt 00:00:25]} 30. Qe3 {[%clk
00:45:24]} {[%emt 00:01:44]} Rh7 {[%clk 00:11:11]} {[%emt 00:00:52]} 31. Qe2
{[%clk 00:44:44]} {[%emt 00:01:10]} Nh6 {[%clk 00:10:51]} {[%emt 00:00:49]} 32.
Kg2 {[%clk 00:44:45]} {[%emt 00:00:29]} Rg7 {[%clk 00:09:01]} {[%emt 00:02:19]}
33. Nf1 {[%clk 00:45:08]} {[%emt 00:00:08]} Nh5 {[%clk 00:08:31]} {[%emt
00:01:00]} 34. Nfe3 {[%clk 00:44:49]} {[%emt 00:00:50]} Nf4+ {[%clk 00:08:18]}
{[%emt 00:00:41]} 35. gxf4 {[%emt 00:00:48]} exf4 {[%clk 00:08:36]} {[%emt
00:00:02]} 36. Qf1 {[%clk 00:39:50]} {[%emt 00:05:22]} f3+ {[%clk 00:06:14]}
{[%emt 00:02:52]} 37. Kg3 {[%clk 00:40:15]} {[%emt 00:00:05]} d5 {[%clk
00:03:32]} {[%emt 00:03:12]} 38. Nxd5 {[%clk 00:38:51]} {[%emt 00:01:54]} Qb8+
{[%clk 00:02:45]} {[%emt 00:01:19]} 39. e5 {[%clk 00:38:39]} {[%emt 00:00:40]}
Nf5+ {[%clk 00:02:49]} {[%emt 00:00:26]} 40. Kf4 {[%clk 00:39:03]} {[%emt
00:00:06]} Nxh4 {[%clk 00:02:40]} {[%emt 00:00:39]} 41. Ke3 {[%clk 00:36:37]}
{[%emt 00:02:56]} Qd8 {[%clk 00:02:49]} {[%emt 00:00:22]} 42. Nf6 {[%clk
00:35:57]} {[%emt 00:01:10]} Rxf6 {[%clk 00:02:47]} {[%emt 00:00:31]} 43. exf6
{[%clk 00:36:21]} {[%emt 00:00:07]} Qxf6 {[%clk 00:03:11]} {[%emt 00:00:06]} 44.
Kd2 {[%clk 00:36:39]} {[%emt 00:00:12]} g3 {[%clk 00:02:43]} {[%emt 00:00:57]}
45. Qh3 {[%clk 00:35:36]} {[%emt 00:01:33]} Qf4+ {[%clk 00:02:18]} {[%emt
00:00:56]} 46. Kc2 {[%clk 00:35:31]} {[%emt 00:00:35]} f5 {[%clk 00:01:27]}
{[%emt 00:01:22]} 47. Rh1 {[%clk 00:34:39]} {[%emt 00:01:20]} Ng2 {[%clk
00:01:12]} {[%emt 00:00:45]} 48. fxg3 {[%clk 00:33:48]} {[%emt 00:01:22]} 1-0